Managing organizations and people : (Record no. 31690)

000 -LEADER
fixed length control field 01555cam a22003854a 4500
001 - CONTROL NUMBER
control field 13805254
003 - CONTROL NUMBER IDENTIFIER
control field OSt
005 - DATE AND TIME OF LATEST TRANSACTION
control field 20211124105144.0
008 - FIXED-LENGTH DATA ELEMENTS--GENERAL INFORMATION
fixed length control field 041203s2006 ohua b 001 0 eng
010 ## - LIBRARY OF CONGRESS CONTROL NUMBER
LC control number 2004117304
020 ## - INTERNATIONAL STANDARD BOOK NUMBER
International Standard Book Number 0324314574
038 ## - RECORD CONTENT LICENSOR
Staff Name Khadija
040 ## - CATALOGING SOURCE
Original cataloging agency DLC
Transcribing agency DLC
Modifying agency DLC
042 ## - AUTHENTICATION CODE
Authentication code pcc
050 00 - LIBRARY OF CONGRESS CALL NUMBER
Classification number HD31
Item number .S34156 2006
082 00 - DEWEY DECIMAL CLASSIFICATION NUMBER
Classification number 658.4
Edition number 22
Author Mark BUL
100 1# - MAIN ENTRY--PERSONAL NAME
Personal name Buller, Paul F.
9 (RLIN) 14100
245 10 - TITLE STATEMENT
Title Managing organizations and people :
Remainder of title cases in management, organizational behavior, and human resource management /
Statement of responsibility, etc. Paul F. Buller, Randall S. Schuler.
246 30 - VARYING FORM OF TITLE
Title proper/short title Cases in management, organizational behavior, and human resources
250 ## - EDITION STATEMENT
Edition statement 7th ed., modular ed.
260 ## - PUBLICATION, DISTRIBUTION, ETC.
Place of publication, distribution, etc. Mason, Ohio :
Name of publisher, distributor, etc. Thomson/South-Western,
Date of publication, distribution, etc. c2006.
300 ## - PHYSICAL DESCRIPTION
Extent 1 v. (various pagings) :
Other physical details ill. ;
Dimensions 26 cm.
504 ## - BIBLIOGRAPHY, ETC. NOTE
Bibliography, etc. note Includes bibliographical references.
563 ## - BINDING INFORMATION
Binding note Paperback
650 #0 - SUBJECT ADDED ENTRY--TOPICAL TERM
Topical term or geographic name entry element Management
Form subdivision Case studies.
9 (RLIN) 14101
650 #0 - SUBJECT ADDED ENTRY--TOPICAL TERM
Topical term or geographic name entry element Organizational behavior
Form subdivision Case studies.
9 (RLIN) 14102
700 1# - ADDED ENTRY--PERSONAL NAME
Personal name Schuler, Randall S.
9 (RLIN) 14103
856 42 - ELECTRONIC LOCATION AND ACCESS
Materials specified Contributor biographical information
Uniform Resource Identifier <a href="http://www.loc.gov/catdir/enhancements/fy1103/2004117304-b.html">http://www.loc.gov/catdir/enhancements/fy1103/2004117304-b.html</a>
856 42 - ELECTRONIC LOCATION AND ACCESS
Materials specified Publisher description
Uniform Resource Identifier <a href="http://www.loc.gov/catdir/enhancements/fy1103/2004117304-d.html">http://www.loc.gov/catdir/enhancements/fy1103/2004117304-d.html</a>
856 41 - ELECTRONIC LOCATION AND ACCESS
Materials specified Table of contents only
Uniform Resource Identifier <a href="http://www.loc.gov/catdir/enhancements/fy1103/2004117304-t.html">http://www.loc.gov/catdir/enhancements/fy1103/2004117304-t.html</a>
906 ## - LOCAL DATA ELEMENT F, LDF (RLIN)
a 7
b cbc
c origcop
d 2
e opcn
f 20
g y-gencatlg
942 ## - ADDED ENTRY ELEMENTS (KOHA)
Source of classification or shelving scheme
Koha item type Book
Holdings
Withdrawn status Lost status Source of classification or shelving scheme Damaged status Not for loan Permanent Location Current Location Shelving location Date acquired Full call number Barcode Date last seen Price effective from Koha item type
          School of Mechanical & Manufacturing Engineering (SMME) School of Mechanical & Manufacturing Engineering (SMME) General Stacks 06/30/2015 658.4 BUL SMME-204 03/27/2018 06/30/2015 Book
© 2023 Central Library, National University of Sciences and Technology. All Rights Reserved.